000 02232cam a2200301 4500500
005 20260208010455.0
041 _afre
042 _adc
100 1 0 _aGuichard, Pierre
_eauthor
700 1 0 _aSénac, Philippe
_eauthor
245 0 0 _aLes débuts d’al-Andalus : des textes, des monnaies et des sceaux
260 _c2021.
500 _a66
520 _aLa découverte et la publication récente de nombreux sceaux de plomb à caractères coufiques d’époque omeyyade constituent un apport important à l’histoire de la conquête d’al-Andalus au début du viiie siècle. Portant des noms de gouverneurs arabes, de cités soumises à des tributs et de butins amassés par les conquérants de la péninsule, ces objets viennent compléter nos connaissances sur une période controversée jusque-là seulement éclairée par des textes et des monnaies. L’objectif de cet article est de regrouper et de croiser les informations fournies par ces différentes sources afin de souligner l’ampleur et la rapidité des bouleversements survenus dans l’ancienne Hispania wisigothique.
520 _aThe discovery and recent publication of several lead seals with Kufic characters from the Umeyyad period on them are an important addition to our knowledge of the history of the conquest of Al-Andalus in the early eighth century. Bearing names of Arab governors, cities paying tribute, and loot taken from the peninsula by conquerors, these seals complement our knowledge on a controversial period, our understanding of which has so far only been through texts and coins. The aim of this article is to gather the information provided by these different sources in order to underline the scale and speed of the disruptions that occurred in former Visigothic Spain.
690 _aAl-Andalus
690 _aEspagne wisigothique
690 _amonnaies
690 _asceaux
690 _asources arabes
690 _aAl-Andalus
690 _aArabic sources
690 _acoins
690 _aseals
690 _aVisigothic Spain
786 0 _nLe Moyen Age | CXXVI | 3 | 2021-03-24 | p. 511-537 | 0027-2841
856 4 1 _uhttps://shs.cairn.info/revue-le-moyen-age-2020-3-page-511?lang=fr&redirect-ssocas=7080
999 _c1656709
_d1656709